000 00981nam a2200277 i 4500
001 15491
003 ES-MaACL
005 20250827062540.0
007 t|
008 000324s1988 sp ||||1| spa d
020 _a84-7476-112-3
080 _a355.01:308
080 _a355.01:338
100 1 _aVerstrynge Rojas, Jorge.
_9114211
245 1 4 _aUna sociedad para la guerra
_b: los efectos de la guerra en la sociedad industrial /
_cpor Jorge Verstrynge.
250 _a2ª ed. rev. y amp.
260 _aMadrid :
_bCentro de Investigaciones Sociológicas :
_bSiglo XXI de España,
_c1988.
300 _aXII, 352 p. ;
_c21 cm.
490 1 _aMonografías ;
_v7
650 1 4 _aGuerra y sociedad.
_9179777
650 1 4 _aEconomía de guerra.
_912020
710 2 _aCentro de Investigaciones Sociológicas (España)
_92708
830 0 0 _aMonografías (Centro de Estudios Benaventanos "Ledo del Pozo")
_v7
_9177262
852 _aES-MaACL
_jG-2120
_bR.115319
999 _c15491
_d15491